Apprentissage mathématique

Saved in:
Bibliografiske detaljer
Hovedforfatter: Dupont, Evariste (Author)
Format: Bog
Sprog:fransk
Udgivet: París Société Universitaire d'Editions et de Librairie 1969
Serier:Classiques sudel
Fag:
Tags: Tilføj Tag
Ingen Tags, Vær først til at tagge denne postø!

MARC

LEADER 00000nam a2200000 a 4500
001 UCW1025
003 CL-VaPUC
008 900925e19690000FR |||||||||||||||||fre|d
082 0 4 |a 510.7  |b DUP  |2 21 
100 0 |a Dupont, Evariste  |e author  |9 304948 
245 1 0 |a Apprentissage mathématique 
300 |a v 
942 |c BK 
945 |d 19900925 00:00:00 
260 |a París  |b Société Universitaire d'Editions et de Librairie  |c 1969 
500 |a v.1: Ensembles, relations, nombres 
650 0 |a Matemática  |9 260235 
650 0 |a Estudio y enseñanza  |9 270395 
583 |a last modification  |c 20140821 04:18:37  |k Rodrigo Vera 
490 0 |a Classiques sudel 
999 |c 216008  |d 216006 
952 |0 0  |1 0  |4 0  |6 510_700000000000000_DUP_1969  |7 0  |8 A  |9 201361  |a BIBMAT  |b BIBMAT  |d 2019-11-14  |h v.1  |i 2685337  |o 510.7 DUP 1969  |p 2685337  |r 2025-01-07  |w 2019-11-14  |y BK  |k MAT